<?xml version="1.0" encoding="UTF-8"?>
<record
    xmlns:xsi="http://www.w3.org/2001/XMLSchema-instance"
    xsi:schemaLocation="http://www.loc.gov/MARC21/slim http://www.loc.gov/standards/marcxml/schema/MARC21slim.xsd"
    xmlns="http://www.loc.gov/MARC21/slim">

  <leader>01468nam a22002657a 4500</leader>
  <controlfield tag="005">20260407092358.0</controlfield>
  <controlfield tag="008">260407b        |||||||| |||| 00| 0 eng d</controlfield>
  <datafield tag="020" ind1=" " ind2=" ">
    <subfield code="a">9789354661235</subfield>
  </datafield>
  <datafield tag="040" ind1=" " ind2=" ">
    <subfield code="c">AL</subfield>
  </datafield>
  <datafield tag="041" ind1=" " ind2=" ">
    <subfield code="a">eng</subfield>
  </datafield>
  <datafield tag="082" ind1=" " ind2=" ">
    <subfield code="a">005.73</subfield>
    <subfield code="b">KARF</subfield>
  </datafield>
  <datafield tag="100" ind1=" " ind2=" ">
    <subfield code="a">Asha Gowda Karegowda and others</subfield>
    <subfield code="9">260403</subfield>
  </datafield>
  <datafield tag="245" ind1=" " ind2=" ">
    <subfield code="a">Fundamentals of C and Data Structures</subfield>
  </datafield>
  <datafield tag="260" ind1=" " ind2=" ">
    <subfield code="a">New Delhi</subfield>
    <subfield code="b">CBS Publishers and Distributors Pvt Ltd</subfield>
    <subfield code="c">2022</subfield>
  </datafield>
  <datafield tag="300" ind1=" " ind2=" ">
    <subfield code="a">vi,768p</subfield>
    <subfield code="b">PB</subfield>
    <subfield code="c">24x17cm</subfield>
  </datafield>
  <datafield tag="365" ind1=" " ind2=" ">
    <subfield code="2">Computer Science and Engineering</subfield>
    <subfield code="a">VBI-2645</subfield>
    <subfield code="b">&#x20B9;521.25</subfield>
    <subfield code="c">&#x20B9;</subfield>
    <subfield code="d">&#x20B9;695.00</subfield>
    <subfield code="e">25%</subfield>
    <subfield code="f">20-02-2026</subfield>
  </datafield>
  <datafield tag="520" ind1=" " ind2=" ">
    <subfield code="a">Fundamentals of C and Data Structures has been written for students of all branches of BE, BTech, BSc, BA BCom, BCA MCA MTech, and diploma courses. The book follows a cohesive approach of illustrations, explanation of concepts, and examples on fundamentals of C programming language, and data structures using C language.
Salient features
&#x2022; Simple and lucid style of presentation
&#x2022; Essential underlying principles are presented through elaborated examples and
programs with syntax
&#x2022; Quiz questions and important questions at the end of each chapter to practice and
prepare for the competitive examinations
&#x2022; Open-ended projects for practice</subfield>
  </datafield>
  <datafield tag="650" ind1=" " ind2=" ">
    <subfield code="a">Arrays and Strings</subfield>
    <subfield code="9">260397</subfield>
  </datafield>
  <datafield tag="650" ind1=" " ind2=" ">
    <subfield code="a">File Management</subfield>
    <subfield code="9">260398</subfield>
  </datafield>
  <datafield tag="650" ind1=" " ind2=" ">
    <subfield code="a">Graphs</subfield>
    <subfield code="9">260399</subfield>
  </datafield>
  <datafield tag="650" ind1=" " ind2=" ">
    <subfield code="a">Queues</subfield>
    <subfield code="9">260400</subfield>
  </datafield>
  <datafield tag="700" ind1=" " ind2=" ">
    <subfield code="a">Bhargavi K</subfield>
    <subfield code="9">260401</subfield>
  </datafield>
  <datafield tag="700" ind1=" " ind2=" ">
    <subfield code="a">Roopa T</subfield>
    <subfield code="9">260402</subfield>
  </datafield>
  <datafield tag="942" ind1=" " ind2=" ">
    <subfield code="2">ddc</subfield>
    <subfield code="c">BK</subfield>
  </datafield>
  <datafield tag="999" ind1=" " ind2=" ">
    <subfield code="c">241147</subfield>
    <subfield code="d">241147</subfield>
  </datafield>
  <datafield tag="952" ind1=" " ind2=" ">
    <subfield code="0">0</subfield>
    <subfield code="1">0</subfield>
    <subfield code="2">ddc</subfield>
    <subfield code="4">0</subfield>
    <subfield code="7">0</subfield>
    <subfield code="8">CSE</subfield>
    <subfield code="a">SE</subfield>
    <subfield code="b">SE</subfield>
    <subfield code="d">2026-04-01</subfield>
    <subfield code="e">Vidyarthi Books, Bengaluru-560076</subfield>
    <subfield code="g">521.25</subfield>
    <subfield code="l">0</subfield>
    <subfield code="o">005.73 KARF</subfield>
    <subfield code="p">SE000418</subfield>
    <subfield code="r">2026-04-07 09:22:56</subfield>
    <subfield code="v">695.00</subfield>
    <subfield code="w">2026-02-20</subfield>
    <subfield code="y">BK</subfield>
  </datafield>
</record>
